1982 1682 1592 1508 1582 1888 1980 1659 1466 1153 1653 1048 1483 1714 1583 1149 1628 1216 1729 1768 1104 1175 1103 1537 1953 1227 1262 1306 1883 1598 2000 1028 1579 1848 1969 1618 1271 1156 1627 1943 1384 1184 1447 1392 1511 1795 1739 1137 1067 1625 1601 1109 1035 1246 1959 1241 1360 1991 1917 1136 1373 1938 1753 1429 1060 1858 1297 1533 1232 1995 1969 1534 1662 1134 1908 1005 1201 1393 1018 1775 1876 1740 1598 1505 1051 1020 1737 1347 1079 1977 1752 1267 1926 1908 1482 1022 1314 1531 1034 BCNSPRNW ULIB Ver.6.0+V

เปลี่ยนเป็นภาษาไทย

Change to English
 แสดงรายละเอียดบรรณานุกรม
  กลับหน้าหลัก

Brief Record : Get Marc (ISO 2709) : E-mail record : QR code < ปิดหน้าต่าง
LEADER : 00000nam 2200000uu 4500
001    13399115262
003     ULIB
008    120809s2554||||th 000 0 tha d
020    ^a9789743509728
060  4 ^aWD220^bป525ป
100 0  ประไพพิมพ์ ธีรคุปต์
245 00 ^aปัญหาสารน้ำ อิเล็กโทรไลต์และโรคไตในเด็ก /^cบรรณาธิการ ประไพพิมพ์ ธีรคุปต์ ... [และคนอื่นๆ]
250    ^aพิมพ์ครั้งที่ 1ฉบับเรียบเรียงครั้งที่ 4
260    ^aกรุงเทพฯ :^bชมรมโรคไตเด็กแห่งประเทศไทย,^c2554
300    ^ax, 460 หน้า :^bภาพประกอบ
650  7 ^aไต, โรค^xในวัยทารกและเด็ก
650  7 ^aน้ำ-อีเล็คทรอลัยท์สมดุล^xในวัยทารกและเด็ก
650  7 ^aน้ำ-อีเล็คทรอลัยท์ไม่สมดุล^xในวัยทารกและเด็ก
650  7 ^aกุมารเวชศาสตร์
700 0  ^aกาญจนา ตั้งนรารัชชกิจ,^eบรรณาธิการ
700 0  อนิรุธ ภัทรากาญจน์,^eบรรณาธิการ
700 0  พรพิมล เรียนถาวร,^eบรรณาธิการ
945    ^p680^l0^i19179
945    ^p680^l0^i19935
995    ^aทศพร
999 ^a ใช้งานได้ทุกระบบ
รายการนี้ยังไม่มีแท็ก
คุณยังไม่ได้ล็อกอิน คุณสามารถมีกิจกรรมร่วมกับเว็บไซต์ได้ แต่ต้องล็อกอินก่อน ::
  ล็อกอิน

รายการสื่อสารสนเทศ

ลำดับที่ ประเภท เลขเรียก/บาร์โค้ด สถานที่ สถานะ
1. วิทยาศาสตร์การแพทย์ และสุขภาพ
วิทยาศาสตร์การแพทย์ และสุขภาพ
สถานะ=หนังสือเก่า
WD220 ป525ป  
  Barcode: 19179
ห้องสมุดวิทยาเขตนครสวรรค์
►ส่วนจัดเก็บหนังสือเก่า นว.
บนชั้น
  ขอยืม
2. วิทยาศาสตร์การแพทย์ และสุขภาพ
วิทยาศาสตร์การแพทย์ และสุขภาพ
สถานะ=หนังสือเก่า
WD220 ป525ป ฉ.2 
  Barcode: 19935
ห้องสมุดวิทยาเขตนครสวรรค์
►ส่วนจัดเก็บหนังสือเก่า นว.
บนชั้น
  ขอยืม

รายการใกล้เคียง
    ผู้แต่ง [ประไพพิมพ์ ธีรคุปต์]

    หัวเรื่อง [กุมารเวชศาสตร์]

BibComment


ยังไม่เคยถูกคอมเมนท์

คอมเมนท์ทรัพยากรรายการนี้
  คอมเมนท์: ปัญหาสารน้ำ อิเล..


 Copyright 2026. Bcnsprnw @Library